Tilastot visalle Suomen kunnat, joissa Ruotsi on enemmistökielenä

Klikkaa tästä pelataksesi tätä visaa!

Yleistilastot

  • Tätä visaa on pelattu 73 kertaa
  • Keskiarvotulos 22 / 30

Vastaustilastot

maakuntakunta% Oikein
UusimaaRaasepori
85%
PohjanmaaPietarsaari
83%
AhvenanmaaEckerö
82%
AhvenanmaaGeta
80%
AhvenanmaaJomala
80%
AhvenanmaaLemland
78%
AhvenanmaaSund
78%
AhvenanmaaBrändö
77%
AhvenanmaaHammarland
77%
AhvenanmaaKökar
77%
PohjamaaKristiinankaupunki
77%
AhvenanmaaFinström
75%
AhvenanmaaSottunga
75%
UusimaaInkoo
73%
PohjanmaaKruunupyy
73%
AhvenanmaaLumparland
73%
PohjanmaaPedersöre
73%
AhvenanmaaFöglö
72%
AhvenanmaaKumlinge
72%
PohjanmaaMaalahti
72%
PohjanmaaMustasaari
72%
PohjanmaaNärpiö
72%
AhvenanmaaSaltvik
72%
PohjanmaaUusikaarlepyy
72%
Varsinais-SuomiParainen
70%
AhvenanmaaVårdö
70%
PohjanmaaKorsnäs
68%
Varsinais-SuomiKemiönsaari
67%
PohjanmaaLuoto
67%
PohjanmaaVöyri
63%

Tulosjakauma

Persentiili vastausten määrän mukaan

Jokaisen tuloksen saaneiden osuus

Tuloshistoriasi

Et ole pelannut tätä visaa